000 00351nam a22001457a 4500
003 SGT
020 _a 9789382007869
082 _a384.3
_bA16G
100 _aGURU, MAHESH CHANDRA
245 _aAPPLIED DEVELOPMENT COMMUNICATION
260 _aNEW DELHI
_bDOMINANT PUBLISHING
_c2016
300 _a354
650 _aMASS COMMUNICATION
942 _2ddc
_cBK
999 _c13201
_d13201